000 00786nam a2200229Ia 4500
003 GCL
005 20240530105206.0
008 140319s9999 xx 000 0 ara d
040 _aGCL /
_cGCL
082 0 4 _a150.1952
_bف أ
100 1 _aفرويد ، سيجموند
245 1 0 _aالانا والهو /
_cتاليف سيجموند فرويد ؛ ترجمة محمد عثمان نجاتى
260 _a[S.N] :
_bدار الشروق ،
_c1988
300 _a106ص
490 _aمكتبة التحليل النفسى والعلاج النفسى
_v0
650 0 4 _aالتحليل النفسى
650 0 4 _aمذهب فرويد
650 0 4 _aالتحليل الاحصائى
650 0 4 _aالانا
700 1 _aمحمد عثمان نجاتى
_eمترجم
942 _2ddc
_cBK
999 _c53806
_d53806